| 000 | 00495 a2200169 4500 | ||
|---|---|---|---|
| 020 | _a0-201-50945-8 | ||
| 040 |
_aDLC _bDLC |
||
| 082 | _a005.4 | ||
| 082 | _a005.4 | ||
| 100 | 1 | _aBeck, Leland L | |
| 245 | 0 | 0 |
_aSystem software : an introduction to systems programming _cby Leland L. Beck |
| 250 | _a2. ed. | ||
| 260 |
_aReading, Mass. : _bAddison-Wesley Pub. Co, _ccop. 1990 |
||
| 300 |
_axvi, 480 s. : _bill. |
||
| 650 | 0 | _aSystems programming (Computer science) | |
| 942 |
_cBK _k005.42 BEC _2ddc |
||
| 999 |
_c6165 _d6165 |
||